| 000 | 01010cab a2200253 4500 | ||
|---|---|---|---|
| 001 | ABS44740 | ||
| 008 | 090401t1991 xxu||||| |||| 00| 0 eng d | ||
| 035 | _a(Sirsi) u48856 | ||
| 041 | _aeng | ||
| 100 | _aBurns, A. | ||
| 245 | _aUndesirable practice legislation explained | ||
| 260 | _c1991 | ||
| 350 | _a0 | ||
| 490 |
_aChartered Surveyor Weekly _v35(11) 13 June 1991, 86-87(2) |
||
| 520 | _aExplains the statutory instruments issued under Estate Agents Act 1979 to regulate the profession and the provisions of the Property Misdescriptions Bill which aims to prohibit the making of fake or misleading statements by estate agents . | ||
| 650 | _aESTATE AGENTS PROVISION OF INFORMATION REGULATIONS 1991 | ||
| 650 | _aESTATE AGENTS SPECIFIED OFFENCES ORDER 1991 | ||
| 650 | _aESTATE AGENTS UNDESIRABLE PRACTICES ORDER 1991 | ||
| 650 | _aMISDESCRIPTION | ||
| 650 | _aPROPERTY PARTICULARS | ||
| 690 | _aMANAGEMENT-BUSINESS MANAGEMENT-PROFESSIONAL PRACTICE | ||
| 942 | _n0 | ||
| 948 | _c04/03/1997 | ||
| 999 |
_c30671 _d30671 |
||